| 000 | 00540nam a2200193Ia 4500 | ||
|---|---|---|---|
| 005 | 20250326123514.0 | ||
| 008 | 250326s9999 xx 000 0 und d | ||
| 037 | _aTextbook | ||
| 040 |
_aFMSL _beng _cFMSL |
||
| 041 |
_aeng _2eng |
||
| 084 |
_aX:89Q P5 _qFMSL |
||
| 100 |
_aReid R D _9735325 |
||
| 245 | 0 |
_aOperations management : integrated approach _cReid R D; Sanders N R |
|
| 250 | _a2 | ||
| 260 |
_aNew Jersey _bNew Jersey, John Wiley _c2005 |
||
| 300 | _a673p | ||
| 942 |
_cTB _hX:89Q P5 |
||
| 999 |
_c1269667 _d1269667 |
||